Holy Sporcle, Batman! Quiz Stats

 Plays Quiz Updated Jan 12, 2016

Challenge
Share
Tweet
Embed
Score 0/40 Timer 06:00
1 Play Today
Hint Holy ___! % Correct
A to ZAlphabet!
90.9%
Oct. 31Halloween!
86.8%
Before 1st gradeKindergarten!
82.5%
San Francisco bridgeGolden Gate!
82.3%
Leonardo DiCaprio/Kate Winslet boat flickTitanic!
79.4%
Avocado dipGuacamole!
78.1%
Sin CityLas Vegas!
77.2%
Fake hairWigs!
76.5%
Groom's outfitTuxedo!
73.3%
Mary Shelley characterFrankenstein!
73.1%
Large teeth for grindingMolars!
69.4%
The act of magically rising into the airLevitation!
68.4%
26.2 milesMarathon!
68.1%
Revolutionary War general and traitorBenedict Arnold!
66%
Shakespeare's Prince of DenmarkHamlet!
63.5%
Gathering where everyone brings a dishPotluck!
60.4%
Ka-Boom!Explosion!
59.3%
CarouselMerry Go Round!
58.6%
BullfighterMatador!
58.5%
Canned silver fishSardine!
56.5%
Hint Holy ___! % Correct
Rules of languageGrammar!
56.1%
Nautilus captainCaptain Nemo!
55.7%
Serious crimeFelony!
55.5%
Practice of preserving dead animalsTaxidermy!
55.2%
Symbol-based Egyptian writing systemHieroglyphics!
54.9%
Units for measuring purity of goldKarats!
53.2%
Dodgers' Hall of Fame pitcher SandyKoufax!
52.7%
Thick, heavy bookTome!
48.2%
Bony segements of the spinal columnVertebra!
47.4%
'Treasure Island' authorRobert Louis Stephenson!
46.5%
Monty Python's 'Spanish ___'Inquisition!
44.2%
Douglas Fairbanks in the 'Mark of ___'Zorro!
42.8%
AvariceGreed!
42.2%
Act of killing one's brotherFratricide!
40.3%
R-O-L-A-I-D-SRelief!
37.1%
Ulnar nerveFunny bone!
30%
Pen namePseudonym!
29.9%
Stone coffinSarcophagus!
28.4%
Science of deciphering codesCryptology!
22.2%
Men's clothing storeHaberdashery!
13.1%

You're not logged in!

Compare scores with friends on all Sporcle quizzes.
Join for Free
OR
Log In

You Might Also Like...

Show Comments

Extras

Top Quizzes Today


Score Distribution

Your Account Isn't Verified!

In order to create a playlist on Sporcle, you need to verify the email address you used during registration. Go to your Sporcle Settings to finish the process.

Report this User

Report this user for behavior that violates our Community Guidelines.

Details: